MDQL
is popping MORE tags! Check the
thread
!
Quizzes
Events
Quiz Creation
Community
Videos
Private Events
Remove Ads
Sign In
Join for FREE
Feedback
Dark Mode
Quiz Categories
Sports
Geography
Music
Movies
Television
Just For Fun
Miscellaneous
History
Literature
Language
Science
Gaming
Entertainment
Religion
Holiday
For Kids
Quiz Lab
Recent
Popular Today
Quiz Kudos Today
Editor Picks
Curator Picks
Quizzes by...
Day
Popularity
Type
Ratings
Length
Year
Community
Subscriptions
Recent Discussions
Orange Saloon
Badges
Playlists
Quests
Create
Leaderboards
Showdown
Live 5
Trivia Bingo
Activity
Puzzle Library
Sporcle Events
Private Events
Virtual Trivia
Globe League
Become a Host
Pub Owners
SporcleCon
Opinionation
Our Games
Videos
Blog
Mobile Apps
Partnerships
Remove Ads and Go Orange
Feedback
Television
TV Characters
TV Show
Sitcom
Network
Friends
Reality Shows
Cast
South Park
Star Trek
The Simpsons
Doctor Who
Television
TV Characters
TV Show
Sitcom
Network
Friends
Reality Shows
Cast
South Park
Star Trek
The Simpsons
Doctor Who
Random Quiz
Search Sporcle
×
Quiz Lab
Quiz Lab
Television
Buffy the Vampire Slayer
Type in answers that appear in a list
Type in answers that appear in a list
Classic
Best Score? Go Orange.
Buffy the Vampire Slayer Quotes Stats
Can you name the Buffy the Vampire Slayer Quotes?
By
Scoobies
10m
29 Questions
1,081 Plays
1,081 Plays
1,081 Plays
Comments
Comments
Give Quiz Kudos
Give Quiz Kudos
-
- Ratings
hide this ad
More Info
Forced Order
Answers have to be entered in order
Answers have to be entered in order
Replay
Link that replays current quiz
Next Quiz
Link to next quiz in quiz playlist
You Got
0%
They Got
Avg Score
68%
Avg Friend Score
Upgrade to see
Score Distribution
Jump to the score distribution portion of the page
Score
0/29
Timer
10:00
0
Plays Today
Quote
Character who said it
% Correct
'You named your stake? Remind me to get you a stuffed animal.'
Buffy
91.3%
'I met an old man. Didn't like him. He got stuck in my teeth.'
Drusilla
90%
'Sodding, blimey, shagging, knickers, bollocks, oh God! I'm English!'
Spike
87.5%
'We attack the Mayor with hummus'
Oz
86.7%
'Just sitting here, watching our barren lives pass us by. Oh, look, a cockroach.'
Willow
86.1%
'Tact is just not saying true stuff. I'll pass.'
Cordelia
83.9%
'I'm just worried this whole session's gonna turn into some training montage from an 80's movie.'
Buffy
80.8%
'How do you get to be renowned? I mean, like, do you have to be nowned first?'
Buffy
80.7%
'Do guns make you wanna have sex?'
Cordelia
79.3%
'I'm just happy to have my body back. I'm thinking of getting fat.'
Amy
77.5%
'Hey, I love you. Even if you're covered with slime'
Angel
75.3%
'No vampires. Bunch of school kids in heavy mascara listening to extremely silly music.'
Giles
75.1%
'I love syphilis more than you'
Spike
74.1%
'Did we not put the 'Grr' in girl?'
Willow
72.5%
'What, you just tripped and fell on his lips?'
Xander
72.3%
Quote
Character who said it
% Correct
'Once again, the Hellmouth puts the special in special occasion.'
Oz
68.6%
'Fine. You know what? I hope you die. Aren't we gonna kiss?'
Anya
66.6%
'I think I've actually turned into someone you want around after a crazed robot attack'
Xander
66.4%
'I'm very into Britney Spears' early work, before she sold out. So mostly her, um, finger painting and macaroni art.'
Dawn
62.5%
'Looks like the Hellmouth is officially closed for business'
Faith
61.3%
'Five-
by-
five? Five what by five what?'
Tara
57.9%
'Killing things with wood? Ooh, scary vampires-
-
they die from a splinter'
Dawn
55%
'The joint changes you. I hear they like the small ones, with little hands like their girlfriends'
Jonathan
54.7%
'We don't know much about them except for they're very ugly, and they're very mobile for blind people'
Andrew
48.1%
'If you save the world, I'll come back, we'll have drinks. When. When, I mean. *When* you save the world'
Clem
47.2%
'Yeah, I said I'll do anything. Oh, you mean, will I have sex with you? Well, yeah'
Harmony
46.3%
'Does that mean I have to be a bigger, badder badass than the source of all badness'
Willow
45.7%
'It's very powerful, and probably very dangerous. It has a purifying power, a cleansing power... possibly scrubbing bubbles'
Angel
44.8%
'Were you planning to slit my throat any time soon?'
Joyce
39.7%
Quiz Playlist
Details
Report
Send in Message
Add To Playlist
More Info:
Note: Some of the answers will appear more than once.
Classic:
Type in answers that appear in a list
Forced Order:
Answers have to be entered in order
Last Updated: Jan 28, 2019
Quiz Scoreboard
CHALLENGE
Sign Up to Join the Scoreboard
Show All
Scores
Hide
Comments
May contain spoilers
Recently Published
Holiday 10x10 Sorting Gallery
by lukepisani3
Holiday
15m
Two Season TV Shows II
by 123Four
Television
10m
Image Sorting: Flags VI
by Barbecue
Geography
2m
More to Explore
Quiz From the Vault
Featured Blog Post
14 Easter Pick-up Lines to Find Eggs With
hide this ad
You Might Also Like...
Tags
Buffy the Vampire Slayer
Today's Top Quizzes in Television
Browse Television
hide this ad
Today's Top Quizzes in Buffy the Vampire Slayer
Browse Buffy the Vampire Slayer
Top Contributed Quizzes in Television
1
Survivor Journey Challenge
2
Even More Two Season TV Shows
3
Adjectives in 00s TV Shows
4
Even More Three Season TV Shows
5
Survivor Logic Puzzle: Heroes vs. Villains
6
Adjectives in 10s TV Shows
7
One Season TV Shows
8
One Piece Logic Puzzle
9
Brooklyn Nine Nine Logic Puzzle (How-To-Play)
10
Click the SpongeBob Episodes (Season 3)
Explore More
Trending Topics
Anime
Kpop
Disney
Crossword
Marvel
NBA
Harry Potter
Song
NFL
Soccer
Country
Puzzle
The Office
Pokémon
WWE
hide this ad
More By:
Scoobies
Quiz
Plays
Rating
Category
Featured
Created
Buffy the Vampire Slayer Quotes
1,081
4.80
Television
Jan 29, 2011
Guess the Musical Lyrics
226
5.00
Music
Jan 30, 2011
Go to Creator's Profile
Score Distribution
Quiz Creator Spotlight
Scoobies
Follow
Send a Message
Quizzes Created
-
Created Quiz Play Count
-
More By This Creator
Popular Quizzes Today
1
Find the US States - No Outlines Minefield
2
Colored Red Africa Blitz
3
Find the 'City' Movie
4
The Countries of the World
5
Find the US States
6
5x2 Blitz: Bands
7
Find the Countries of Europe - No Outlines Minefield
8
US States
More Television Quizzes
Click a 'W' TV Show
Published
Trending Quizzes
Colored Red Europe Blitz I
Colored Red Europe Blitz II
Colored Red Africa Blitz II
Colored Red Europe Blitz III
Colored Red Africa Blitz III
Recently Updated
Odd Team Out - Big 4 Players
pecheneg
Quick Pick: 20 Twenties
pecheneg
March Madness Men's Triple Doubles
pecheneg
How Do You Spell That?
pecheneg
Godzilla Movies
pecheneg
Grab Bag: 4-10 Letters
pecheneg
2024 March Madness Bracket
pecheneg
Famous TV Couples
Peacemaker
Champions League XIs: Real Madrid
pecheneg
Largest US Cities 1790-2010
pecheneg
Trending Topics
Marvel
NBA
Disney
Kpop
Anime
Crossword
Harry Potter
Pokémon
Country
Soccer
Song
The Office
WWE
NFL
Puzzle
Your Account Isn't Verified!
In order to create a playlist on Sporcle, you need to verify the email address you used during registration. Go to your
Sporcle Settings
to finish the process.
Report this User
Report this user for behavior that violates our
Community Guidelines
.
Details:
Send Report
Go to the Sporcle.com Mobile Site →
Comments